Despertador christiano quadragesimal, de sermones doctrinales para todos los días de la quaresma, ...

Detalles Bibliográficos
Autor principal: BARCIA Y ZAMBRANA, José
Formato: Libro
Publicado: Madrid 1724
Edición:3a imp.
Materias:
Colección:Banco de datos
Acervo:Biblioteca del Ex Convento de Nuestra Señora de Guadalupe. Zacatecas
Descripción Física:t. III
Tema general:Homilética
Notas:Regular. XIV,13,13 (5119). Ex libris manuscrito de la Librería del Colegio de Gpe., Zac.
LEADER 00875nam a22002170004500
035 |a 43693 
036 |a 4877 
100 1 |a BARCIA Y ZAMBRANA, José 
245 1 0 |a Despertador christiano quadragesimal, de sermones doctrinales para todos los días de la quaresma, ... 
250 |a 3a imp. 
260 |a Madrid  |b ed. Herederos de Gabriel de León. imp. Blas de Villa-Nueva  |c 1724 
300 |a t. III 
500 |a Regular. XIV,13,13 (5119). Ex libris manuscrito de la Librería del Colegio de Gpe., Zac. 
650 1 0 |a Homilética 
949 |a CRZ-CG 
959 |a Ex convento de Nuestra Señora de Guadalupe, Museo Regional de Zacatecas, Zacatecas  |b CCC4 
960 |a Convento de Nuestra Señora de Guadalupe, Zacatecas  |b DD87 
961 |a Franciscana  |b OF 
942 |c CRZ-CG 
943 |g Biblioteca del Ex Convento de Nuestra Señora de Guadalupe. Zacatecas 
999 |c 967820  |d 967820